000
nam a22 7a 4500
999
_c
44196
_d
44196
003
OSt
005
20180515123414.0
008
180515b xxu||||| |||| 00| 0 eng d
040
_c
SEROSOFT
100
_a
NEERAJ SETHI
245
_a
NURSING PRINCIPAL AND PRATICE
260
_b
PV BOOKS
300
_a
663
942
_2
ddc
_c
01